LEADER 00960nam a2200265 i 4500 001 991003373789707536 005 20020509121043.0 008 010704s1990 it ||| | ita 035 $ab11152023-39ule_inst 035 $aPARLA180581$9ExL 040 $aDip.to Filosofia$bita 082 0 $a150.195 100 1 $aRossati, Alberto$0147276 245 12$aL'Io e il Sé nel pensiero di Freud :$bun riesame dell'opera freudiana alla luce della dottrina di Brentano /$cAlberto Rossati 260 $aMilano :$bGuerini,$c1990 300 $a214 p. ;$c21 cm. 490 0 $aRicerche 650 4$aBrentano, Franz 650 4$aFreud, Sigmund 907 $a.b11152023$b23-02-17$c28-06-02 912 $a991003373789707536 945 $aLE005IF XXXI H 91$g1$i2005000243578$lle005$o-$pE0.00$q-$rl$s- $t0$u0$v0$w0$x0$y.i11293767$z28-06-02 996 $aIo e il sé nel pensiero di Freud$9490693 997 $aUNISALENTO 998 $ale005$b01-01-01$cm$da $e-$fita$git $h2$i1 LEADER 01382nam 2200469 450 001 9910797591503321 005 20200124174451.0 010 $a2-8062-6694-7 035 $a(CKB)3710000000459032 035 $a(EBL)2122165 035 $a(OCoLC)916952982 035 $a(MiAaPQ)EBC2122165 035 $a(Au-PeEL)EBL2122165 035 $a(PPN)233408959 035 $a(EXLCZ)993710000000459032 100 $a20200124d2015 uy 0 101 0 $afre 135 $aur|n|---||||| 181 $ctxt$2rdacontent 182 $cc$2rdamedia 183 $acr$2rdacarrier 200 10$aComment devenir un as du teamworking? $eles conditions pour un bon travail d'e?quipe /$fpar Caroline Cailteux 210 1$aNamur :$c50Minutes,$d[2015] 210 4$d©2015 215 $a1 online resource (42 p.) 225 0 $aCoaching pro ;$vNume?ro 22 300 $aDescription based upon print version of record. 311 $a2-8062-6695-5 320 $aIncludes bibliographical references. 327 $a""Copyright"" 410 0$aCoaching pro 606 $aBusiness networks 615 0$aBusiness networks. 676 $a650.13 700 $aCailteux$b Caroline$01497475 801 0$bMiAaPQ 801 1$bMiAaPQ 801 2$bMiAaPQ 906 $aBOOK 912 $a9910797591503321 996 $aComment devenir un as du teamworking$93742852 997 $aUNINA